ბათუმის შოთა რუსთაველის სახელმწიფო უნივერსიტეტის ბიბლიოთეკა

ბუნება-ღმერთის შემოქმედება / (ბიბ.ჩანაწერი № 55496)

000 -ლიდერი
ფიქსირებული სიგრძის საკონტროლო ველი 01499nam a2200265Ia 4500
001 - საკონტროლო ნომერი
საკონტროლო ველი 22578
003 - საკონტროლო ნომრის იდენტიფიკატორი
საკონტროლო ველი GE_BSU
005 - ბოლო ოპერაციის თარიღი და დრო
საკონტროლო ველი 20250903184600.0
008 - ფიქსირებული სიგრძის მონაცემთა ელემენტები - ზოგადი ინფორმაცია
ფიქსირებული სიგრძის საკონტროლო ველი 181216s||||||||xx |||||||||||||| ||und||
040 ## - კატალოგიზაციის წყარო
Transcribing agency GE_BSU
041 ## - ენის კოდი
Language code of text/sound track or separate title geo
080 ## - უნივერსალური ათობითი კლასიფიკაციის ინდექსი
Universal Decimal Classification number 27-29 ბ-96
245 ## - ცნობა სათაურის შესახებ
Title ბუნება-ღმერთის შემოქმედება /
Statement of responsibility, etc შემდგენელი ლელა ჩხარტიშვილი ; მხატვარი ლევან სილაგაძე.
264 ## - წარმოების, გამოცემის, დისტრიბუციის და სხვა ცნობები
გამოცემის, წარმოების, დისტრიბუციის... ადგილი თბილისი :
გამოცემის, წარმოების, დისტრიბუციის... სახელწოდება (შპს "კოლორი"),
გამოცემის, წარმოების, დისტრიბუციის... თარიღი 2018.
300 ## - ფიზიკური აღწერა
Extent 164 გვ. ;
Dimensions 20 სმ.
490 ## - სერიის ცნობა
Series statement მეგზური სიკეთის სამყაროში / პროექტის ავტორი და რედაქტორი თამარ მამაცაშვილი
Volume number/sequential designation 4
500 ## - ზოგადი შენიშვნა
General note წიგნი მომზადებულია გამომცემლობა "პალიტრა L"-ის მიერ ჟურნალ კარიბჭესთან" პარტნიორობით
653 ## - INDEX TERM--UNCONTROLLED
Uncontrolled term ბუნება-ღმერთის შემოქმედება
653 ## - INDEX TERM--UNCONTROLLED
Uncontrolled term რელიგია
653 ## - INDEX TERM--UNCONTROLLED
Uncontrolled term ქრისტიანობა
700 ## - ADDED ENTRY--PERSONAL NAME
Personal name ჩხარტიშვილი, ლელა
Relator term შემდგენელი
9 (RLIN) 25767
700 ## - ADDED ENTRY--PERSONAL NAME
Personal name სილაგაძე, ლევან
Relator term მხატვარი
9 (RLIN) 25773
942 ## - ADDED ENTRY ELEMENTS (KOHA)
Koha item type წიგნი
Source of classification or shelving scheme
ეგზემპლარები
ჩამოწერის სტატუსი დაკარგული ეგზემპლარის სტატუსი კლასიფიკაციის წყარო ან თაროზე გაწყობის სქემა დაზიანების სტატუსი არ გაიცემა მუდმივი მდებარეობა (დაცვის ადგილი) ამჟამინდელი ადგილსამყოფელი თაროზე განთავსების ადგილი შეძენის თარიღი ღირებულება, შესყიდვის ნორმალური ფასი სრული შენახვის შიფრი შტრიხკოდი ბოლო ოპერაციის თარიღი ეგზემპლარის მიმდევრობითი ნომერი (კეტერი?) ფასის ძალაში შესვლის თარიღი ეგზემპლარის სახეობა საჯარო შენიშვნა
          ბათუმის შოთა რუსთაველის სახელმწიფო უნივერსიტეტის მთავარი ბიბლიოთეკა ბათუმის შოთა რუსთაველის სახელმწიფო უნივერსიტეტის მთავარი ბიბლიოთეკა წიგნსაცავი 2018-12-17 4.00 27-29 ბ-96 28128 2018-12-17 28128 2018-12-17 წიგნი 4.00 ₾.